000 00397nam a2200133Ia 4500
005 20260326100035.0
008 260326s9999||||xx |||||||||||||| ||und||
100 _aSpadafora Gálvez, Vanessa
245 0 _aEl Casco Antiguo de la Ciudad de Panamá /
_cVanessa Spadafora Gálvez
260 _bOficina del Casco Antiguo de Panamá
300 _a255 p.
650 _aARQUITECTURA REGIONAL
942 _cBK
999 _c6763
_d6763